Selling the Arc of crisis: promoting foreign policy change during the Carter presidency
Politika uvoľňovania vzťahov v Studenej vojne počas Carterovej administratívy. Koncept rámca pre "predaj problému" ("issue selling") v stratégiách národnej bezpečnosti. Zbigniew Brzezinski, Rada národnej bezpečnosti a Carterova doktrína. Stratégie predaja problému. Rozhodovacia štruktúra Poradcu pre...
Salvato in:
| Autore principale: | |
|---|---|
| Natura: | Capitolo di libro |
| Lingua: | inglese |
| Soggetti: | |
| Tags: |
Nessun Tag, puoi essere il primo ad aggiungerne!!
|
MARC
| LEADER | 00000naa a2200000 4500 | ||
|---|---|---|---|
| 001 | 0220159 | ||
| 005 | 20221019173730.0 | ||
| 041 | 0 | |a eng | |
| 044 | |a SK | ||
| 245 | 1 | 0 | |a Selling the Arc of crisis: promoting foreign policy change during the Carter presidency |c Luis da Vinha |
| 520 | |a Politika uvoľňovania vzťahov v Studenej vojne počas Carterovej administratívy. Koncept rámca pre "predaj problému" ("issue selling") v stratégiách národnej bezpečnosti. Zbigniew Brzezinski, Rada národnej bezpečnosti a Carterova doktrína. Stratégie predaja problému. Rozhodovacia štruktúra Poradcu prezidenta pre národnú bezpečnosť počas Carterovho úradu | ||
| 610 | 2 | 0 | |a doktríny ekonomické |
| 610 | 2 | 0 | |a doktríny sociálne |
| 610 | 2 | 0 | |a vzťahy politické medzinárodné |
| 610 | 2 | 0 | |a ZSSR |
| 610 | 2 | 0 | |a vojna studená |
| 610 | 2 | 0 | |a bezpečnosť národná |
| 100 | 1 | |a Vinha, Luis da | |